[Event "Guernsey Open 2013"]
[Site "Guernsey GCI"]
[Date "2013.10.22"]
[Round "3"]
[White "Daly, Patrick"]
[Black "Ippel, Cornelius J"]
[Result "0-1"]
[WhiteElo "1865"]
[BlackElo "1916"]
[PlyCount "42"]
[EventDate "2013.10.20"]
[EventType "swiss"]
[EventRounds "7"]

1. d4 e6 2. Nf3 d5 3. c3 c5 4. Nbd2 Nc6 5. Nb3 c4 6. Nbd2 f5 7. Ne5 Nxe5 8.
dxe5 Bc5 9. Nf3 Qb6 10. Nd4 Ne7 11. e3 Bd7 12. Be2 O-O-O 13. b4 cxb3 14. axb3
Nc6 15. f4 h6 16. Ba3 Nxd4 17. cxd4 Bxa3 18. Qc2+ Kb8 19. Kf2 Bb4 20. Ra2 Rc8
21. Qb2 Rc3 0-1

[Event "Guernsey Open 2013"]
[Site "Guernsey GCI"]
[Date "2013.10.22"]
[Round "3"]
[White "Thurlow, Kevin J"]
[Black "Bakker, Joop"]
[Result "1-0"]
[WhiteElo "2016"]
[BlackElo "1971"]
[PlyCount "59"]
[EventDate "2013.10.20"]
[EventType "swiss"]
[EventRounds "7"]

1. c4 b6 2. d4 e6 3. Nc3 Bb4 4. Qc2 Bb7 5. Nf3 f5 6. d5 exd5 7. cxd5 Bxd5 8.
Qxf5 Nf6 9. Bd2 Bb7 10. e3 Be7 11. e4 O-O 12. Bc4+ Kh8 13. Ng5 Qe8 14. O-O-O
Qg6 15. Nf7+ Rxf7 16. Qxg6 hxg6 17. Bxf7 Ng4 18. Be1 Na6 19. Bxg6 Ne5 20. Bf5
d6 21. f4 Nc4 22. Rd3 Nc5 23. Rh3+ Kg8 24. Nd5 Bxd5 25. exd5 Bf6 26. Bb4 Bxb2+
27. Kb1 Rf8 28. Bh7+ Kf7 29. Bxc5 bxc5 30. Bd3 1-0

[Event "Guernsey Open 2013"]
[Site "Guernsey GCI"]
[Date "2013.10.22"]
[Round "3"]
[White "Klein, Gernot"]
[Black "Burton, Ronnie"]
[Result "1-0"]
[WhiteElo "1942"]
[BlackElo "1993"]
[PlyCount "129"]
[EventDate "2013.10.20"]
[EventType "swiss"]
[EventRounds "7"]

1. e4 c5 2. Nf3 e6 3. d4 cxd4 4. Nxd4 Nf6 5. Nc3 Nc6 6. Nxc6 bxc6 7. e5 Nd5 8.
Ne4 f5 9. Nd6+ Bxd6 10. exd6 O-O 11. c4 Nf6 12. Be2 Qb6 13. O-O c5 14. Bf3 Bb7
15. Bxb7 Qxb7 16. b3 Rac8 17. Bf4 Qe4 18. Bg5 h6 19. Re1 Qc6 20. Bf4 Ne4 21. f3
Nf6 22. Re5 Rfd8 23. Qd2 Kf7 24. Rd1 g5 25. Be3 Qb6 26. Qf2 Rc6 27. Bxc5 Qa6
28. Bb4 Rb8 29. a3 Rbb6 30. Qd2 Qb7 31. Ra5 Qb8 32. Qd4 Rxb4 33. axb4 Qxb4 34.
Rb5 Qa3 35. Ra1 Qxd6 36. Qxd6 Rxd6 37. Rxa7 Rd1+ 38. Kf2 Rd2+ 39. Kf1 Rd1+ 40.
Ke2 Rg1 41. Kf2 Rc1 42. Ra2 Ke7 43. Ke3 Kd6 44. Kd2 Rg1 45. Kc3 h5 46. Rd2+ Kc6
47. Ra5 g4 48. Kd4 Re1 49. Ra6+ Kb7 50. Raa2 d6 51. Re2 e5+ 52. Kc3 Rh1 53. b4
Rxh2 54. c5 Nd5+ 55. Kc4 Nf4 56. Reb2 d5+ 57. Kb5 gxf3 58. c6+ Kb8 59. gxf3
Rxb2 60. Rxb2 Kc7 61. Ra2 Ne6 62. Ra7+ Kc8 63. Kb6 Kd8 64. Rd7+ Kc8 65. Re7 1-0

[Event "Guernsey Open 2013"]
[Site "Guernsey GCI"]
[Date "2013.10.22"]
[Round "3"]
[White "Cummins, John"]
[Black "Morcom, Huw"]
[Result "1/2-1/2"]
[WhiteElo "1844"]
[BlackElo "1976"]
[PlyCount "52"]
[EventDate "2013.10.20"]
[EventType "swiss"]
[EventRounds "7"]

1. d4 g6 2. e4 Bg7 3. Nf3 d6 4. Be2 c5 5. c3 Nd7 6. Bf4 Ngf6 7. Nbd2 O-O 8. O-O
b6 9. Rc1 Bb7 10. Bd3 Rc8 11. Bg3 Nh5 12. d5 a6 13. a4 Ndf6 14. h3 Nxg3 15.
fxg3 Kh8 16. Qe2 Ra8 17. Rce1 Qd7 18. g4 Ra7 19. b3 Qc7 20. Ng5 Bc8 21. Ndf3
Kg8 22. c4 Bd7 23. e5 dxe5 24. Nxe5 Be8 25. Kh1 Qd6 26. Nef3 Rb7 1/2-1/2

[Event "Guernsey Open 2013"]
[Site "Guernsey GCI"]
[Date "2013.10.23"]
[Round "4"]
[White "Tiviakov, Sergei"]
[Black "Colin, Vincent"]
[Result "1-0"]
[WhiteElo "2652"]
[BlackElo "2412"]
[PlyCount "79"]
[EventDate "2013.10.20"]
[EventType "swiss"]
[EventRounds "7"]

1. e4 e5 2. Nf3 Nc6 3. Bc4 Bc5 4. c3 Nf6 5. d3 a6 6. Bb3 Ba7 7. h3 h6 8. Qe2 d6
9. Nbd2 Be6 10. Bc2 Ne7 11. d4 Ng6 12. dxe5 dxe5 13. Nc4 Nd7 14. g3 h5 15. Ng5
h4 16. Nxe6 fxe6 17. Bd2 Qe7 18. O-O-O O-O-O 19. Ne3 Nf6 20. Ng2 Qf7 21. Bb3
Kb8 22. Bg5 Rxd1+ 23. Rxd1 Nh7 24. Be3 Bxe3+ 25. Qxe3 Nf6 26. Ne1 Qe8 27. Nf3
hxg3 28. fxg3 Rxh3 29. Ng5 Rh8 30. Nxe6 Qc6 31. Qg5 Qxe4 32. Bc2 Qg2 33. Qxg6
Rh2 34. Qd3 e4 35. Qd2 e3 36. Qxg2 Rxg2 37. Nxg7 Rxg3 38. Nf5 Rf3 39. Re1 Ng4
40. Bd1 1-0

[Event "Guernsey Open 2013"]
[Site "Guernsey GCI"]
[Date "2013.10.23"]
[Round "4"]
[White "Hebden, Mark"]
[Black "Hillarp Persson, Tiger"]
[Result "1-0"]
[WhiteElo "2548"]
[BlackElo "2557"]
[PlyCount "123"]
[EventDate "2013.10.20"]
[EventType "swiss"]
[EventRounds "7"]

1. d4 e6 2. Nf3 f5 3. g3 Nf6 4. Bg2 Be7 5. O-O O-O 6. c4 d5 7. Qc2 Ne4 8. Ne5
Nd7 9. Bf4 g5 10. Nxd7 Bxd7 11. Be5 c6 12. Nd2 Nd6 13. Qb3 Bc8 14. Rac1 Nf7 15.
Nf3 Qb6 16. Qc2 Bd7 17. Rfd1 g4 18. Ne1 Nxe5 19. dxe5 f4 20. Nd3 fxg3 21. hxg3
Bg5 22. e3 Be8 23. Nf4 Bxf4 24. exf4 Bg6 25. Qc3 Rad8 26. cxd5 cxd5 27. b4 Rd7
28. a4 h5 29. a5 Qd8 30. Qd4 a6 31. Rc5 h4 32. Rdc1 Qe7 33. Rc8 Rxc8 34. Rxc8+
Kg7 35. Bf1 hxg3 36. fxg3 Be4 37. Be2 Bf5 38. Kf2 Rc7 39. Rxc7 Qxc7 40. Qc5 Qd7
41. Ke3 Kg6 42. b5 axb5 43. Kd4 b4 44. Bb5 Qd8 45. Qxb4 Qc8 46. Qc5 Qd8 47. Ba4
Qb8 48. Kc3 Qd8 49. Kb4 Bd3 50. Kc3 Bf5 51. Kd4 Qb8 52. Bd7 Qd8 53. Bb5 Qb8 54.
Kc3 Qd8 55. Kb4 Be4 56. Qd6 Qc8 57. Qe7 Qc1 58. Qxe6+ Kh7 59. Qf7+ Kh8 60. Qf6+
Kg8 61. e6 Qd2+ 62. Qc3 1-0

[Event "Guernsey Open 2013"]
[Site "Guernsey GCI"]
[Date "2013.10.23"]
[Round "4"]
[White "Houska, Jovanka"]
[Black "Fruteau, Sabine"]
[Result "1-0"]
[WhiteElo "2401"]
[BlackElo "2067"]
[PlyCount "59"]
[EventDate "2013.10.20"]
[EventType "swiss"]
[EventRounds "7"]

1. d4 Nf6 2. Nf3 e6 3. c4 c5 4. d5 exd5 5. cxd5 d6 6. Nc3 g6 7. h3 Bg7 8. e4
O-O 9. Bd3 Na6 10. O-O Nc7 11. a4 b6 12. Bf4 a6 13. Nd2 Nfe8 14. Nc4 Rb8 15. e5
Nxd5 16. Nxd5 dxe5 17. Nxe5 Qxd5 18. Nxg6 hxg6 19. Bxb8 Bb7 20. Qf3 c4 21. Bxc4
Qxf3 22. gxf3 Bxb2 23. Rab1 Bd4 24. Ba7 Nd6 25. Bxb6 Nxc4 26. Bxd4 Bxf3 27. Bc3
Kh7 28. Rfe1 Bd5 29. Rbd1 Be6 30. Rd4 1-0

[Event "Guernsey Open 2013"]
[Site "Guernsey GCI"]
[Date "2013.10.23"]
[Round "4"]
[White "Magnussen, Pal"]
[Black "Lenier, Jude"]
[Result "0-1"]
[WhiteElo "1926"]
[BlackElo "2121"]
[PlyCount "80"]
[EventDate "2013.10.20"]
[EventType "swiss"]
[EventRounds "7"]

1. e4 e5 2. Nf3 Nc6 3. Bb5 a6 4. Ba4 Nf6 5. O-O Be7 6. Re1 b5 7. Bb3 O-O 8. c3
d6 9. h3 Nb8 10. d3 c5 11. Nbd2 Bb7 12. Bc2 Re8 13. Nf1 Bf8 14. Ng3 g6 15. Bb3
Bg7 16. Bg5 h6 17. Be3 Qc7 18. Qd2 Kh7 19. Bc2 Nbd7 20. Nh2 d5 21. exd5 Nxd5
22. c4 Nxe3 23. Qxe3 f5 24. Qe2 bxc4 25. dxc4 e4 26. Rad1 Bd4 27. b4 Rad8 28.
Kh1 Nf6 29. Qf1 Be5 30. Rxd8 Rxd8 31. Rd1 f4 32. Rxd8 Qxd8 33. Ne2 f3 34. gxf3
exf3 35. Ng1 Bxh2 36. Kxh2 Qd6+ 37. Kh1 Nh5 38. bxc5 Ng3+ 39. fxg3 f2+ 40. Kh2
fxg1=Q+ 0-1

[Event "Guernsey Open 2013"]
[Site "Guernsey GCI"]
[Date "2013.10.23"]
[Round "4"]
[White "Jackson, Oliver"]
[Black "Maloberti, David"]
[Result "0-1"]
[WhiteElo "2157"]
[BlackElo "2059"]
[PlyCount "90"]
[EventDate "2013.10.20"]
[EventType "swiss"]
[EventRounds "7"]

1. e4 e6 2. d4 d5 3. Nc3 Bb4 4. e5 c5 5. a3 Bxc3+ 6. bxc3 Qa5 7. Bd2 Qa4 8. Nf3
Nc6 9. Bd3 cxd4 10. O-O Nge7 11. cxd4 Nxd4 12. Bb4 Ndc6 13. Bd6 Qg4 14. h3 Qh5
15. Re1 O-O 16. g4 Qh6 17. h4 f6 18. exf6 Qxf6 19. Kg2 e5 20. Bxe7 Nxe7 21.
Rxe5 Bxg4 22. Re3 d4 23. Bc4+ Kh8 24. Rb3 Bxf3+ 25. Rxf3 Qxh4 26. Be2 Ng6 27.
Kg1 Nf4 28. Bf1 Rf6 29. Rg3 Raf8 30. Qg4 Qxg4 31. Rxg4 h6 32. Rd1 Rd6 33. Rd2
g5 34. Bg2 b6 35. Rg3 Re8 36. Kf1 Rde6 37. Rd1 Re2 38. c4 d3 39. Bc6 R8e5 40.
Bf3 Rc2 41. Bd5 Ree2 42. Rf3 Kg7 43. Kg1 d2 44. Kf1 Rc1 45. Rxf4 Re1+ 0-1

[Event "Guernsey Open 2013"]
[Site "Guernsey GCI"]
[Date "2013.10.23"]
[Round "4"]
[White "Milnes, Anthony CP"]
[Black "Hagesaether, Arne"]
[Result "1/2-1/2"]
[WhiteElo "2054"]
[BlackElo "2140"]
[PlyCount "49"]
[EventDate "2013.10.20"]
[EventType "swiss"]
[EventRounds "7"]

1. f4 d5 2. Nf3 c5 3. e3 Bg4 4. Be2 Bxf3 5. Bxf3 Nf6 6. d3 Nc6 7. O-O e6 8. Nc3
Be7 9. Qe1 a6 10. e4 Nd4 11. Bd1 b5 12. Nb1 dxe4 13. dxe4 O-O 14. c3 Nc6 15. e5
Nd5 16. Bc2 c4 17. Qe4 g6 18. Be3 Nxe3 19. Qxe3 Qd5 20. Qe2 Rad8 21. Kh1 b4 22.
Be4 Qb5 23. a4 bxa3 24. Nxa3 Bxa3 25. Rxa3 1/2-1/2

[Event "Guernsey Open 2013"]
[Site "Guernsey GCI"]
[Date "2013.10.23"]
[Round "4"]
[White "Dilleigh, Steve"]
[Black "Hewson, Brian WR"]
[Result "1-0"]
[WhiteElo "2135"]
[BlackElo "2034"]
[PlyCount "141"]
[EventDate "2013.10.20"]
[EventType "swiss"]
[EventRounds "7"]

1. d4 d5 2. c4 e6 3. Nc3 Nf6 4. cxd5 exd5 5. Bg5 Nbd7 6. e3 c6 7. Bd3 Be7 8.
Qc2 h6 9. Bf4 Nf8 10. h3 Bd6 11. Bxd6 Qxd6 12. Nf3 N8d7 13. O-O O-O 14. a3 a5
15. Rac1 Re8 16. Na4 Ne4 17. Bxe4 Rxe4 18. Nc3 Re6 19. Ne2 Nf8 20. Qc5 Ng6 21.
Qxd6 Rxd6 22. Ng3 f5 23. Ne2 Re6 24. g3 Bd7 25. h4 Be8 26. Kg2 Rd6 27. Rfe1 a4
28. Nf4 Ra5 29. Nd3 Ra7 30. Rc3 Nf8 31. Nfe5 Nd7 32. Nxd7 Bxd7 33. Rb1 Kf7 34.
b3 axb3 35. Rcxb3 Bc8 36. Nc5 b5 37. a4 bxa4 38. Ra3 Bd7 39. Rb4 Be8 40. Rbxa4
Rxa4 41. Rxa4 Rd8 42. Ra7+ Kf6 43. Rc7 Rd6 44. Nd3 Re6 45. Nb4 Rd6 46. Kf1 g5
47. hxg5+ hxg5 48. Nd3 Re6 49. Ne5 Re7 50. Rc8 Re6 51. Kg2 g4 52. Kf1 Ke7 53.
Ke2 Kd6 54. Nd3 Ke7 55. Kd2 Rh6 56. Ne5 Rh2 57. Ke2 Rh6 58. Rc7+ Kd6 59. Ra7
Ke6 60. Rb7 Rf6 61. Nd3 Kd6 62. Nc5 Rh6 63. Rg7 Rf6 64. Rh7 Bf7 65. Nd3 Be8 66.
f3 gxf3+ 67. Kxf3 Re6 68. Nc5 Rg6 69. Kf4 Rg4+ 70. Kxf5 Rxg3 71. Nb7# 1-0

[Event "Guernsey Open 2013"]
[Site "Guernsey GCI"]
[Date "2013.10.23"]
[Round "4"]
[White "Goris, Ton"]
[Black "Minnican, Alan"]
[Result "0-1"]
[WhiteElo "2031"]
[BlackElo "2135"]
[PlyCount "62"]
[EventDate "2013.10.20"]
[EventType "swiss"]
[EventRounds "7"]

1. e4 e5 2. Nf3 Nc6 3. d4 exd4 4. c3 d5 5. exd5 Qxd5 6. cxd4 Nf6 7. Nc3 Bb4 8.
Bd2 Bxc3 9. bxc3 O-O 10. Be2 Ne4 11. O-O Nxd2 12. Qxd2 Bf5 13. Rfe1 Rad8 14.
Qb2 b6 15. Nd2 Qd6 16. Bf3 Rfe8 17. Qb5 Bd7 18. Nc4 Rxe1+ 19. Rxe1 Nxd4 20.
Nxd6 Nxb5 21. Nxb5 Bxb5 22. Re7 Re8 23. Rxe8+ Bxe8 24. Kf1 Bb5+ 25. Ke1 Kf8 26.
Kd2 Ke7 27. Bd5 f6 28. g3 Kd6 29. Bg8 h6 30. c4 Bd7 31. Kd3 Be6 0-1

[Event "Guernsey Open 2013"]
[Site "Guernsey GCI"]
[Date "2013.10.23"]
[Round "4"]
[White "Purdon, Colin"]
[Black "Spanton, Timothy"]
[Result "1/2-1/2"]
[WhiteElo "2132"]
[BlackElo "2030"]
[PlyCount "83"]
[EventDate "2013.10.20"]
[EventType "swiss"]
[EventRounds "7"]

1. d4 d5 2. c4 e5 3. dxe5 d4 4. Nf3 Nc6 5. a3 Be6 6. Nbd2 Nge7 7. g3 Ng6 8. Bg2
Qd7 9. Nb3 O-O-O 10. Bg5 Be7 11. Bxe7 Qxe7 12. Qc2 d3 13. exd3 Ngxe5 14. Nxe5
Nxe5 15. O-O-O Bg4 16. Rd2 Nf3 17. Re2 Qg5+ 18. Kb1 Qg6 19. Re3 Nd4 20. Nxd4
Rxd4 21. Rhe1 Rhd8 22. Be4 f5 23. Bd5 f4 24. gxf4 Rxf4 25. f3 Bf5 26. Be4 a6
27. Ka2 Kb8 28. R1e2 Qf6 29. Qc3 Qxc3 30. bxc3 Rf8 31. Kb3 h6 32. d4 Kc8 33. c5
c6 34. Kc4 Bh3 35. Re1 g5 36. Kd3 Bg2 37. R3e2 Bxf3 38. Bxf3 Rxf3+ 39. Re3 Kd7
40. Kc4 R8f7 41. Re8 Rf2 42. Rb8 1/2-1/2

[Event "Guernsey Open 2013"]
[Site "Guernsey GCI"]
[Date "2013.10.23"]
[Round "4"]
[White "Bolt, Graham"]
[Black "Hamperl, Fred A"]
[Result "1/2-1/2"]
[WhiteElo "2026"]
[BlackElo "2129"]
[PlyCount "113"]
[EventDate "2013.10.20"]
[EventType "swiss"]
[EventRounds "7"]

1. g3 e5 2. Bg2 Nc6 3. d3 g6 4. c4 Bg7 5. Nc3 d6 6. e3 f5 7. Nge2 Nf6 8. Rb1 a5
9. a3 O-O 10. O-O Ne7 11. b4 axb4 12. axb4 c6 13. Qb3 Be6 14. b5 Qc7 15. d4
cxb5 16. Qxb5 Bxc4 17. Qxb7 Qxb7 18. Rxb7 Nfd5 19. Re1 Rfb8 20. Rxb8+ Rxb8 21.
Nxd5 Nxd5 22. Ba3 Rb6 23. dxe5 Bxe5 24. Nd4 Nc3 25. Bf1 Bxf1 26. Kxf1 Nb1 27.
Bc1 Kf7 28. Nf3 Bf6 29. e4 fxe4 30. Rxe4 d5 31. Re1 Nc3 32. Be3 Rb4 33. Rc1 Rc4
34. Nd2 Ra4 35. Nf3 h5 36. h4 Ke6 37. Ne1 d4 38. Bf4 Kf5 39. f3 Bxh4 40. Nd3
Bf6 41. Re1 g5 42. Be5 h4 43. gxh4 gxh4 44. Bxf6 Kxf6 45. Kg2 Ra5 46. Kh3 Rf5
47. Kg4 Nd5 48. Re4 h3 49. Nf2 Ne3+ 50. Kg3 Rh5 51. Nxh3 Nf1+ 52. Kg2 d3 53.
Nf4 d2 54. Nxh5+ Kg5 55. Ng3 Kg6 56. Nxf1 d1=Q 57. Ng3 1/2-1/2

[Event "Guernsey Open 2013"]
[Site "Guernsey GCI"]
[Date "2013.10.23"]
[Round "4"]
[White "Sikkel, Dirk"]
[Black "Wismayer, Clive R"]
[Result "0-1"]
[WhiteElo "1923"]
[BlackElo "2110"]
[PlyCount "128"]
[EventDate "2013.10.20"]
[EventType "swiss"]
[EventRounds "7"]

1. e4 e6 2. d4 d5 3. Nd2 dxe4 4. Nxe4 Bd7 5. Nf3 Bc6 6. Bd3 Nd7 7. O-O Ngf6 8.
Re1 Bxe4 9. Bxe4 Nxe4 10. Rxe4 Be7 11. Bf4 O-O 12. Re2 c6 13. c3 Re8 14. Qb3
Qb6 15. Qxb6 Nxb6 16. Ne5 Red8 17. g4 Rac8 18. Nd3 Nd5 19. Bg3 b6 20. Ne5 c5
21. dxc5 Bxc5 22. Rd1 f6 23. Nf3 Kf7 24. Red2 b5 25. Kg2 Bb6 26. Nd4 Bxd4 27.
Rxd4 Rc6 28. R1d2 Rd7 29. f4 Rc4 30. Kf3 Rxd4 31. Rxd4 f5 32. g5 Rc7 33. Bf2 a6
34. Rd3 Rc4 35. Bd4 Ra4 36. a3 Rc4 37. Be5 a5 38. b3 Rc6 39. Ke2 h6 40. gxh6
gxh6 41. Rg3 Nf6 42. h3 a4 43. bxa4 bxa4 44. Kd3 Rb6 45. Rg2 Rb3 46. Ra2 Nd7
47. Bd6 Rb5 48. c4 Rb3+ 49. Kd4 Rxh3 50. c5 h5 51. c6 Nb6 52. Rb2 Rb3 53. Rh2
Rb1 54. Rxh5 Rd1+ 55. Kc5 Nc8 56. Rh7+ Kg6 57. Rd7 Rd5+ 58. Kb4 Rxd6 59. Rxd6
Nxd6 60. Kxa4 Kh5 61. Kb4 Kg4 62. a4 Kxf4 63. c7 Ke5 64. Kc5 f4 0-1

[Event "Guernsey Open 2013"]
[Site "Guernsey GCI"]
[Date "2013.10.23"]
[Round "4"]
[White "Schmitz, Manuela"]
[Black "Reijneveld, Ad"]
[Result "1/2-1/2"]
[WhiteElo "2002"]
[BlackElo "2135"]
[PlyCount "39"]
[EventDate "2013.10.20"]
[EventType "swiss"]
[EventRounds "7"]

1. d4 Nf6 2. Nf3 d6 3. c4 Nc6 4. Nc3 e5 5. e3 Be7 6. Be2 O-O 7. O-O exd4 8.
Nxd4 Nxd4 9. Qxd4 c6 10. Rd1 Qc7 11. b3 Be6 12. Bb2 Qb6 13. Qf4 d5 14. cxd5
cxd5 15. Qg3 Rfd8 16. Na4 Qb4 17. Bc3 Qa3 18. Bb2 Qb4 19. Bc3 Qa3 20. Bb2
1/2-1/2

[Event "Guernsey Open 2013"]
[Site "Guernsey GCI"]
[Date "2013.10.23"]
[Round "4"]
[White "Ippel, Cornelius J"]
[Black "Wager, John"]
[Result "1/2-1/2"]
[WhiteElo "1916"]
[BlackElo "2105"]
[PlyCount "76"]
[EventDate "2013.10.20"]
[EventType "swiss"]
[EventRounds "7"]

1. Nc3 d5 2. e4 dxe4 3. Nxe4 Nd7 4. d4 Ngf6 5. Ng3 g6 6. Bc4 Bg7 7. Nf3 O-O 8.
c3 c6 9. O-O a5 10. a4 Nb6 11. Bd3 Qc7 12. Re1 Nbd5 13. Bd2 Re8 14. Qc1 b6 15.
Qc2 Ba6 16. Bxa6 Rxa6 17. Ne5 Nd7 18. Nxd7 Qxd7 19. Qd3 Raa8 20. Qf3 Rad8 21.
h4 Qc7 22. Ne4 Qd7 23. g4 Nf6 24. g5 Nxe4 25. Rxe4 c5 26. Be3 cxd4 27. Bxd4 Qc6
28. Bxg7 Kxg7 29. Qe3 Rd7 30. b4 Red8 31. Rd4 Rxd4 32. cxd4 Qc4 33. bxa5 bxa5
34. Qe5+ Kg8 35. Qxe7 Qxd4 36. Re1 Qg4+ 37. Kf1 Qh3+ 38. Kg1 Qg4+ 1/2-1/2

[Event "Guernsey Open 2013"]
[Site "Guernsey GCI"]
[Date "2013.10.23"]
[Round "4"]
[White "Prins, Jan"]
[Black "Von Saldern, Ruediger"]
[Result "1/2-1/2"]
[WhiteElo "2064"]
[BlackElo "1962"]
[PlyCount "91"]
[EventDate "2013.10.20"]
[EventType "swiss"]
[EventRounds "7"]

1. d4 d5 2. c4 e6 3. Nf3 Nf6 4. g3 Be7 5. Nc3 O-O 6. Bg2 b6 7. O-O Bb7 8. Ne5
Nbd7 9. e3 c5 10. Re1 Ne4 11. cxd5 Nxc3 12. bxc3 Nxe5 13. dxe5 Bxd5 14. e4 Bc6
15. Qg4 Qc7 16. Bf4 Rfd8 17. h4 Rd3 18. Rac1 Rad8 19. h5 b5 20. h6 g6 21. Bg5
Re8 22. Qf4 Bxg5 23. Qxg5 Qe7 24. Qf4 Red8 25. Bf1 Rd2 26. Re2 Rd1 27. Rxd1
Rxd1 28. Rd2 Rxd2 29. Qxd2 a6 30. f3 Kf8 31. Kf2 Ke8 32. Qd3 Qd8 33. f4 Qxd3
34. Bxd3 Kd7 35. Ke3 Kc7 36. g4 Kb6 37. Bc2 a5 38. g5 b4 39. c4 a4 40. Kd3 Ka5
41. Bd1 Bb7 42. Bf3 Ba8 43. Bd1 Bc6 44. f5 a3 45. fxg6 fxg6 46. Bb3 1/2-1/2

[Event "Guernsey Open 2013"]
[Site "Guernsey GCI"]
[Date "2013.10.23"]
[Round "4"]
[White "Riedener, Toni"]
[Black "Hoare, Amy"]
[Result "0-1"]
[WhiteElo "2045"]
[BlackElo "1930"]
[PlyCount "58"]
[EventDate "2013.10.20"]
[EventType "swiss"]
[EventRounds "7"]

1. d4 Nf6 2. c4 e6 3. Nc3 d5 4. cxd5 exd5 5. Bg5 Be7 6. e3 O-O 7. Bd3 c6 8. Qc2
Nbd7 9. Nf3 Re8 10. O-O Nf8 11. Rab1 Ne4 12. Bxe7 Qxe7 13. Bxe4 dxe4 14. Nd2 f5
15. Rbe1 Ng6 16. f3 exf3 17. Nxf3 Be6 18. e4 Nh4 19. Ne5 fxe4 20. Qxe4 Qg5 21.
Rf4 Bf5 22. Rxf5 Nxf5 23. Qd3 h6 24. Rf1 Qe3+ 25. Qxe3 Nxe3 26. Rf3 Nc2 27. Rd3
Nxd4 28. Nd7 Ne2+ 29. Nxe2 Rxe2 0-1

[Event "Guernsey Open 2013"]
[Site "Guernsey GCI"]
[Date "2013.10.23"]
[Round "4"]
[White "Campbell, Ian"]
[Black "Murray, Jim"]
[Result "1/2-1/2"]
[WhiteElo "2004"]
[BlackElo "1868"]
[PlyCount "88"]
[EventDate "2013.10.20"]
[EventType "swiss"]
[EventRounds "7"]

1. d4 e6 2. e3 c5 3. Nf3 Nc6 4. c3 Nf6 5. Bd3 d5 6. Nbd2 cxd4 7. exd4 Bd6 8.
O-O O-O 9. Re1 Qc7 10. Qe2 Ne7 11. Ne5 Ng6 12. Ndf3 Bd7 13. h3 Bc6 14. Ng5 Rae8
15. Bd2 a6 16. a4 Re7 17. b4 Rc8 18. Ngf3 Be8 19. Nxg6 hxg6 20. Ne5 Bxe5 21.
dxe5 Nh7 22. Rec1 Rd7 23. f4 Qd8 24. Be3 Qh4 25. Qf2 Qxf2+ 26. Kxf2 Rdc7 27.
Bd4 Nf8 28. Ke3 Nd7 29. g4 f5 30. Kd2 Kf7 31. Rab1 Ke7 32. Rg1 Kf8 33. h4 Rb8
34. gxf5 gxf5 35. Rg5 b5 36. a5 Rbb7 37. Rbg1 Nb8 38. h5 Nc6 39. Bc5+ Kg8 40.
Bd6 Rd7 41. Ke3 Kh7 42. Be2 Nd8 43. R1g3 Nc6 44. Bd3 Nd8 1/2-1/2

[Event "Guernsey Open 2013"]
[Site "Guernsey GCI"]
[Date "2013.10.23"]
[Round "4"]
[White "Havenaar, Jan"]
[Black "Marley, Andrew"]
[Result "1-0"]
[WhiteElo "2072"]
[BlackElo "1905"]
[PlyCount "81"]
[EventDate "2013.10.20"]
[EventType "swiss"]
[EventRounds "7"]

1. e4 c5 2. Nf3 d6 3. d4 cxd4 4. Nxd4 Nf6 5. Nc3 a6 6. h3 e6 7. Be3 b5 8. Bd3
Nbd7 9. a4 b4 10. Nc6 Qc7 11. Nxb4 d5 12. Nba2 Bb7 13. exd5 Nxd5 14. Nxd5 Bxd5
15. O-O Nf6 16. c4 Bb7 17. Qc2 h5 18. Rfe1 Bd6 19. Nc3 Bb4 20. Red1 Qe5 21. Ne2
Qc7 22. Bd4 Qc6 23. f3 h4 24. Kf1 Qc7 25. Qc1 Qh2 26. Qe3 Rh5 27. Qg1 Qc7 28.
Qe3 Kf8 29. Rac1 Re8 30. Bb6 Qh2 31. b3 g5 32. Qg1 Qb8 33. Nc3 Qe5 34. Bd4 Qf4
35. Qe3 e5 36. Qxf4 gxf4 37. Bb6 Ke7 38. Ne4 Nxe4 39. Bxe4 Bxe4 40. fxe4 Rg5
41. Bf2 1-0

[Event "Guernsey Open 2013"]
[Site "Guernsey GCI"]
[Date "2013.10.23"]
[Round "4"]
[White "Fassaert, Desire JM"]
[Black "Thurlow, Kevin J"]
[Result "1/2-1/2"]
[WhiteElo "1919"]
[BlackElo "2016"]
[PlyCount "37"]
[EventDate "2013.10.20"]
[EventType "swiss"]
[EventRounds "7"]

1. Nf3 Nf6 2. d4 e6 3. Bg5 c5 4. e3 Be7 5. Bd3 Qb6 6. Qc1 h6 7. Bh4 Nc6 8. c3
d5 9. Nbd2 Bd7 10. dxc5 Qxc5 11. O-O e5 12. e4 dxe4 13. Nxe4 Nxe4 14. Bxe7 Qxe7
15. Bxe4 O-O-O 16. Qe3 f6 17. Nh4 Qe6 18. Bf5 Qc4 19. Qe4 1/2-1/2

[Event "Guernsey Open 2013"]
[Site "Guernsey GCI"]
[Date "2013.10.23"]
[Round "4"]
[White "Brookfield, Toby"]
[Black "Hermes, Geoff"]
[Result "1/2-1/2"]
[WhiteElo "1892"]
[BlackElo "1995"]
[PlyCount "64"]
[EventDate "2013.10.20"]
[EventType "swiss"]
[EventRounds "7"]

1. f4 d6 2. Nf3 Nf6 3. e3 c6 4. b3 Nbd7 5. Bb2 Qc7 6. Be2 e5 7. fxe5 dxe5 8.
O-O Bd6 9. Nc3 O-O 10. Qe1 e4 11. Ng5 Bxh2+ 12. Kh1 Bg3 13. Qd1 Be5 14. d4 exd3
15. Bxd3 h6 16. Nf3 Ng4 17. Qe2 Ndf6 18. Rab1 Bxc3 19. Bxc3 Nh5 20. Kg1 Ng3 21.
Qd2 Nxf1 22. Rxf1 Be6 23. Qe1 f6 24. Qh4 Nxe3 25. Qe4 Bf5 26. Qxe3 Bxd3 27.
Qxd3 Rad8 28. Qc4+ Qf7 29. Qg4 Qd7 30. Qg6 Qf7 31. Qg4 Qd7 32. Qg6 Qf7 1/2-1/2

[Event "Guernsey Open 2013"]
[Site "Guernsey GCI"]
[Date "2013.10.23"]
[Round "4"]
[White "Casiot, David"]
[Black "Joualt, Louis"]
[Result "0-1"]
[WhiteElo "1979"]
[BlackElo "1917"]
[PlyCount "44"]
[EventDate "2013.10.20"]
[EventType "swiss"]
[EventRounds "7"]

1. e4 e5 2. Nf3 Nc6 3. Bb5 a6 4. Ba4 Nf6 5. O-O b5 6. Bb3 Be7 7. c3 O-O 8. Re1
d5 9. exd5 Nxd5 10. Nxe5 Nxe5 11. Rxe5 c6 12. d4 Bd6 13. Re1 Qh4 14. g3 Qh3 15.
Bxd5 cxd5 16. Qf3 Be6 17. Nd2 Rae8 18. Re3 Bg4 19. Qg2 Qh5 20. Nf1 Bh3 21. Qf3
Qxf3 22. Rxf3 Re1 0-1

[Event "Guernsey Open 2013"]
[Site "Guernsey GCI"]
[Date "2013.10.23"]
[Round "4"]
[White "Murray, Steve"]
[Black "Rowe, Peter"]
[Result "0-1"]
[WhiteElo "1844"]
[BlackElo "1971"]
[PlyCount "108"]
[EventDate "2013.10.20"]
[EventType "swiss"]
[EventRounds "7"]

1. e4 d6 2. d4 Nf6 3. Nc3 Nbd7 4. Nf3 e5 5. Bc4 Be7 6. Ng5 O-O 7. Bxf7+ Rxf7 8.
Ne6 Qe8 9. Nxc7 Qd8 10. Nxa8 b5 11. f3 b4 12. Nb5 a6 13. Nbc7 Bb7 14. Ne6 Qxa8
15. d5 Nc5 16. Nxc5 dxc5 17. Be3 Qc8 18. O-O a5 19. Qd2 Bd6 20. c3 Ba6 21. Rfc1
Qf8 22. cxb4 axb4 23. a3 b3 24. Qa5 Bd3 25. Bxc5 Nxe4 26. Bxd6 Nxd6 27. Qc3 Bc2
28. Qxe5 Nc4 29. Qd4 Rf4 30. Qf2 Qf6 31. Rxc2 bxc2 32. Qxc2 Qd4+ 33. Kh1 Qxb2
34. Qxb2 Nxb2 35. Rb1 Rd4 36. h3 Nd3 37. Rb5 Kf7 38. Kh2 Nf4 39. Rb7+ Kf6 40.
Kg3 Ng6 41. Ra7 Rxd5 42. a4 Rd4 43. a5 Ra4 44. a6 Ne7 45. Ra8 Kf7 46. f4 Kg6
47. Kf3 Nd5 48. Rd8 Ra3+ 49. Ke4 Nf6+ 50. Ke5 Ra5+ 51. Kd4 Rxa6 52. g4 h6 53.
Rc8 Ra4+ 54. Ke5 Re4+ 0-1

[Event "Guernsey Open 2013"]
[Site "Guernsey GCI"]
[Date "2013.10.23"]
[Round "4"]
[White "Canonne, Antoine"]
[Black "Goris Schouwstra, Adry"]
[Result "1-0"]
[WhiteElo "1970"]
[BlackElo "1903"]
[PlyCount "97"]
[EventDate "2013.10.20"]
[EventType "swiss"]
[EventRounds "7"]

1. e4 e6 2. d4 d5 3. Nd2 Nf6 4. e5 Nfd7 5. f4 c5 6. c3 Nc6 7. Ndf3 cxd4 8. cxd4
Bb4+ 9. Kf2 f6 10. g3 fxe5 11. fxe5 O-O 12. Kg2 Qe8 13. h4 Rf7 14. Ne2 Nf8 15.
Nf4 Rc7 16. Bd3 Bd7 17. Be3 Rac8 18. Rc1 Ne7 19. Rxc7 Rxc7 20. g4 Neg6 21. Nh5
Bb5 22. Bb1 Be7 23. Ng3 Qd8 24. g5 Bb4 25. a3 Ba5 26. b4 Rc3 27. Bd2 Rxa3 28.
bxa5 a6 29. Qc1 Ra4 30. Qb2 Qd7 31. Bc2 Rc4 32. Bd3 Rc8 33. Bxb5 axb5 34. Rb1
Qf7 35. Qxb5 Nf4+ 36. Bxf4 Qxf4 37. Qd3 Ng6 38. Rxb7 Qg4 39. Qb1 Nf4+ 40. Kf2
Nh3+ 41. Ke2 Rf8 42. Rb3 Qxg3 43. Qf1 Qf4 44. a6 Qe4+ 45. Kd2 Nf4 46. a7 Rc8
47. Rc3 Rxc3 48. Kxc3 Qe3+ 49. Kb4 1-0